[Event "GER OS-086 email"]
[Site "GER email"]
[Date "2008.10.13"]
[Round "?"]
[White "Buchmann, Hans Peter"]
[Black "Kleinsorgen, Andre"]
[Result "1-0"]
[WhiteElo "1804"]
[BlackElo "1640"]
[PlyCount "23"]
[EventDate "2008.10.20"]
[EventType "tourn (corr)"]
[EventRounds "6"]
[EventCountry "GER"]
[SourceTitle "Corr 2011"]
[Source "ChessBase"]
[SourceDate "2010.08.31"]
[SourceVersion "1"]
[SourceVersionDate "2010.08.31"]
[SourceQuality "1"]

1. d4 d5 2. c4 dxc4 3. e4 Nc6 4. Be3 Nf6 5. Nc3 e5 6. d5 Na5 7. Nf3 Bd6 8. Qa4+ c6 9. dxc6 Nxc6 10. 0-0-0 0-0 11. Nb5 Nd4 12. Bxd4 1-0

[Event "GER OS-086 email"]
[Site "GER email"]
[Date "2008.10.13"]
[Round "?"]
[White "Luetz, Michael"]
[Black "Kleinsorgen, Andre"]
[Result "1-0"]
[WhiteElo "1955"]
[BlackElo "1640"]
[PlyCount "21"]
[EventDate "2008.10.20"]
[EventType "tourn (corr)"]
[EventRounds "6"]
[EventCountry "GER"]
[SourceTitle "Corr 2011"]
[Source "ChessBase"]
[SourceDate "2010.08.31"]
[SourceVersion "1"]
[SourceVersionDate "2010.08.31"]
[SourceQuality "1"]

1. e4 c5 2. Nf3 d6 3. Bc4 Nf6 4. Nc3 e6 5. d4 cxd4 6. Nxd4 a6 7. Bg5 Be7 8. f4 h6 9. Bh4 Nxe4 10. Bxe7 Nxc3 11. bxc3 1-0

[Event "GER OS-086 email"]
[Site "GER email"]
[Date "2008.10.13"]
[Round "?"]
[White "Van Schyndel, Andreas"]
[Black "Kleinsorgen, Andre"]
[Result "1-0"]
[WhiteElo "1640"]
[BlackElo "1640"]
[PlyCount "29"]
[EventDate "2008.10.20"]
[EventType "tourn (corr)"]
[EventRounds "6"]
[EventCountry "GER"]
[SourceTitle "Corr 2011"]
[Source "ChessBase"]
[SourceDate "2010.08.31"]
[SourceVersion "1"]
[SourceVersionDate "2010.08.31"]
[SourceQuality "1"]

1. d4 d5 2. c4 dxc4 3. e3 e5 4. Bxc4 exd4 5. exd4 Bd6 6. Nf3 Nf6 7. 0-0 0-0 8. h3 h6 9. Nc3 Nc6 10. Qc2 Na5 11. Bd3 Nc6 12. a3 Be6 13. Re1 Re8 14. b4 Ne7 15. Bd2 1-0